| 000 | 00823nam a22002297a 4500 | ||
|---|---|---|---|
| 999 |
_c17931 _d17931 |
||
| 003 | AR-CdUCM | ||
| 008 | 190510b ||||| |||| 00| 0 spa d | ||
| 040 |
_aMUNICIPALIDAD PROVINCIAL DEL CUSCO _cBIBLIOTECA MUNICIPAL DEL CUSCO |
||
| 082 |
_a791 / _bM22 |
||
| 100 |
_aManvell, Roger _938196 |
||
| 245 | _aFilm / | ||
| 260 |
_aBuenos Aires : _bEudeba, _c1964. |
||
| 300 |
_a407 paginas ; _bIlustraciones, _c19 cm. |
||
| 440 |
_aLectores de Eudeba _938121 |
||
| 500 | _aTitulo original : Film | ||
| 505 | _aContenido :El cine como nueva forma de arte -- Peculiaridades de las bellas artes en general -- Influencia del cine en la sociedad actual -- El cine de hoy... | ||
| 650 |
_aEl cine _935505 |
||
| 650 |
_aCine instructivo _938197 |
||
| 650 |
_aDocumental _923434 |
||
| 942 |
_2ddc _cLIBROS |
||
| 945 |
_awnts _d2019-05-10 |
||